Mis̲ālī shādī / (Record no. 74160)
[ view plain ]
| 000 -LEADER | |
|---|---|
| fixed length control field | 00621nam a2200205 i 4500 |
| 001 - CONTROL NUMBER | |
| control field | sa 67003903 |
| 003 - CONTROL NUMBER IDENTIFIER | |
| control field | DLC |
| 005 - DATE AND TIME OF LATEST TRANSACTION | |
| control field | 20260227112342.0 |
| 008 - FIXED-LENGTH DATA ELEMENTS--GENERAL INFORMATION | |
| fixed length control field | 840919s1965 pk 00010 urdo |
| 010 ## - LIBRARY OF CONGRESS CONTROL NUMBER | |
| LC control number | sa 67003903 //r84 |
| 025 ## - OVERSEAS ACQUISITION NUMBER | |
| Overseas acquisition number | PL480: P-U-1361 |
| 050 0# - LIBRARY OF CONGRESS CALL NUMBER | |
| Classification number | HQ743 |
| Item number | .S865 |
| 100 00 - MAIN ENTRY--PERSONAL NAME | |
| Personal name | Surayyā Jabīn̲, |
| Dates associated with a name | 1946- |
| 245 10 - TITLE STATEMENT | |
| Title | Mis̲ālī shādī / |
| Statement of responsibility, etc. | tartīb va tālīf, Surayyā Jabīn̲ va Nis̲āruddīn. |
| 260 0# - PUBLICATION, DISTRIBUTION, ETC. | |
| Place of publication, distribution, etc. | [Lāhaur : |
| Name of publisher, distributor, etc. | Naishnal Pablishing Kārporeshan, |
| Date of publication, distribution, etc. | 1965] |
| 300 ## - PHYSICAL DESCRIPTION | |
| Extent | 272 p. ; |
| Dimensions | 19 cm. |
| 500 ## - GENERAL NOTE | |
| General note | In Urdu. |
| 650 #0 - SUBJECT ADDED ENTRY--TOPICAL TERM | |
| Topical term or geographic name entry element | Marriage counseling. |
| 700 00 - ADDED ENTRY--PERSONAL NAME | |
| Personal name | Nis̲āruddīn, |
| Relator term | joint author. |
No items available.